000 00622nam a2200181 4500
001 136568
003 ES-MaACL
005 20230906195152.0
007 t|
008 070214s1954 sp r ||||1| spa d
100 1 _aRyden, Stig.
_9101105
245 1 0 _aDon Juan José de Elhuyar en Suecia (1781-1782) y el descubrimiento del tungsteno /
_capuntes de Stig Ryden.
260 _aMadrid :
_bInsula,
_c1954.
300 _a69 p. ;
_c21 cm.
500 _aPrecede al Tit : Instituto Ibérico-americano Gotemburgo Suecia.
710 2 _aInstituto Ibérico-americano (Gotemburgo)
_95087
852 _aES-MaACL
_j1986-F-5
_bR.37318
999 _c136568
_d136568